Municipalities of Middlesex County, Ontario on a Map - Statistics

General Stats
  • This quiz has been taken 17 times
  • The average score is 6 of 9
Answers on the Map
Answers color-coded by a green-red scale on the quiz's map according to % correct below.
 
Answer Stats
Answer Population % Correct
London 422,324
100%
Southwest Middlesex 5,723
75%
Thames Centre 13,980
75%
Lucan Biddulph 5,680
63%
Middlesex Centre 18,928
63%
North Middlesex 6,658
63%
Strathroy-Caradoc 23,817
63%
Adelaide Metcalfe 3,011
50%
Newbury 466
50%
No matching quizzes found
Score Distribution
Percent of People with Each Score
Percentile by Number Answered
Your Score History
You have not taken this quiz